000 nam a22 7a 4500
999 _c10222
_d10222
008 180213b ||||| |||| 00| 0 eng d
100 _aSinghal,J.P.
_96216
245 _aSocial Science-X
260 _aNew Delhi
_bAmanda
_c2012